zpět

Detail výsledku týmu

Matero, Povrly

Datum a čas kvízu

23.5 Celkem bodů Celkový počet nahraných bodů na tomto kvízu bez doplňovacích otázek.
5. Pořadí na kvízu Konečné umístění týmu na tomto kvízu.

Zaznamenané odpovědi

# Otázka Odpověď Body Výsledky
1. Která významná osobnost spjatá... Ursula von der Leyen 0
2. Který člen britské královské r... princ Louis 1
3. V pondělí se v Metropolitním m... Met Gala 0
4. Která v Česku podnikající spol... Škoda Auto 1
5. Ester Ledecké zřejmě dvě sport... biatlon 0
6. Květnové kalendárium začneme o... Litoměřice 1
7. Dne 11. května 1960 byl izrael... Adolf Eichmann 1
8. Jak se jmenuje tento muž, jenž... George Lucas 0
9. Dne 19. května vynalezl Maďar... 1974 1
10. Dne 29. května 1886 byla v den... Coca-Colu 1